MARC details
| 000 -LEADER |
| fixed length control field |
01980cam a22004214a 4500 |
| 001 - CONTROL NUMBER |
| control field |
6025748 |
| 003 - CONTROL NUMBER IDENTIFIER |
| control field |
ARRUPE |
| 005 - DATE AND TIME OF LATEST TRANSACTION |
| control field |
20140910171650.0 |
| 008 - FIXED-LENGTH DATA ELEMENTS--GENERAL INFORMATION |
| fixed length control field |
060512s2006 nyu b 000 0 eng |
| 010 ## - LIBRARY OF CONGRESS CONTROL NUMBER |
| LC control number |
2006016050 |
| 020 ## - INTERNATIONAL STANDARD BOOK NUMBER |
| International Standard Book Number |
0826418953 (hardcover : alk. paper) |
| 020 ## - INTERNATIONAL STANDARD BOOK NUMBER |
| International Standard Book Number |
9780826418951 (hardcover : alk. paper) |
| 020 ## - INTERNATIONAL STANDARD BOOK NUMBER |
| International Standard Book Number |
0826419070 (pbk. : alk. paper) |
| 020 ## - INTERNATIONAL STANDARD BOOK NUMBER |
| International Standard Book Number |
9780826419071 (pbk. : alk. paper) |
| 024 3# - OTHER STANDARD IDENTIFIER |
| Standard number or code |
9780826418951 |
| 024 3# - OTHER STANDARD IDENTIFIER |
| Standard number or code |
9780826419071 |
| 035 ## - SYSTEM CONTROL NUMBER |
| System control number |
(OCoLC)ocm69027965 |
| 035 ## - SYSTEM CONTROL NUMBER |
| System control number |
(DLC) 2006016050 |
| 035 ## - SYSTEM CONTROL NUMBER |
| System control number |
(NNC)6025748 |
| 040 ## - CATALOGING SOURCE |
| Original cataloging agency |
DLC |
| Transcribing agency |
DLC |
| Modifying agency |
YDX |
| -- |
BAKER |
| -- |
YDXCP |
| -- |
COO |
| -- |
OrLoB-B |
| 042 ## - AUTHENTICATION CODE |
| Authentication code |
pcc |
| 050 00 - LIBRARY OF CONGRESS CALL NUMBER |
| Classification number |
BT60 |
| Item number |
.M28 2006 |
| 082 00 - DEWEY DECIMAL CLASSIFICATION NUMBER |
| Classification number |
230 |
| Edition number |
22 |
| 300 ## - PHYSICAL DESCRIPTION |
| Dimensions |
23 cm. |
| 100 1# - MAIN ENTRY--PERSONAL NAME |
| Personal name |
Mackey, James P. |
| Fuller form of name |
(James Patrick), |
| Dates associated with a name |
1934- |
| 9 (RLIN) |
11277 |
| 245 10 - TITLE STATEMENT |
| Title |
Christianity and creation : |
| Remainder of title |
the essence of the Christian faith and its future among religions : a systematic theology / |
| Statement of responsibility, etc |
James P. Mackey. |
| 260 ## - PUBLICATION, DISTRIBUTION, ETC. (IMPRINT) |
| Place of publication, distribution, etc |
New York : |
| Name of publisher, distributor, etc |
Continuum, |
| Date of publication, distribution, etc |
2006. |
| 300 ## - PHYSICAL DESCRIPTION |
| Extent |
xix, 403 p. ; |
| 504 ## - BIBLIOGRAPHY, ETC. NOTE |
| Bibliography, etc |
Includes bibliographical references (p. xviii-xix). |
| 505 00 - FORMATTED CONTENTS NOTE |
| Title |
Prologue : the lapses in Christian theology at the end of the second millennium -- |
| Miscellaneous information |
Pt. 1. |
| Title |
The essence of the faith of Jesus the Jew -- |
| Miscellaneous information |
Ch. 1. |
| Title |
Creation -- |
| Miscellaneous information |
Ch. 2. |
| Title |
Fall -- |
| Miscellaneous information |
Ch. 3. |
| Title |
Salvation -- |
| Miscellaneous information |
Ch. 4. |
| Title |
God -- |
| Miscellaneous information |
Pt. 2. |
| Title |
Christianity : the religion that developed from the faith of Jesus the Jew -- |
| Miscellaneous information |
Ch. 5. |
| Title |
Credo -- |
| Miscellaneous information |
Ch. 6. |
| Title |
Code -- |
| Miscellaneous information |
Ch. 7. |
| Title |
Cult -- |
| Miscellaneous information |
Ch. 8. |
| Title |
Constitution -- |
| -- |
Epilogue -- |
| -- |
Christianity and other religions. |
| 650 #0 - SUBJECT ADDED ENTRY--TOPICAL TERM |
| Topical term or geographic name as entry element |
Christianity |
| General subdivision |
Essence, genius, nature. |
| 9 (RLIN) |
11278 |
| 650 #0 - SUBJECT ADDED ENTRY--TOPICAL TERM |
| Topical term or geographic name as entry element |
Christianity |
| General subdivision |
Forecasting. |
| 9 (RLIN) |
11279 |
| 650 #0 - SUBJECT ADDED ENTRY--TOPICAL TERM |
| Topical term or geographic name as entry element |
Christianity and other religions. |
| 9 (RLIN) |
11280 |
| 856 41 - ELECTRONIC LOCATION AND ACCESS |
| Materials specified |
Table of contents only |
| Uniform Resource Identifier |
<a href="http://www.loc.gov/catdir/toc/ecip0614/2006016050.html">http://www.loc.gov/catdir/toc/ecip0614/2006016050.html</a> |
| 856 41 - ELECTRONIC LOCATION AND ACCESS |
| Materials specified |
Table of contents |
| Uniform Resource Identifier |
<a href="http://www.loc.gov/catdir/toc/ecip0614/2006016050.html">http://www.loc.gov/catdir/toc/ecip0614/2006016050.html</a> |
| 900 ## - EQUIVALENCE OR CROSS-REFERENCE-PERSONAL NAME [LOCAL, CANADA] |
| Numeration |
TOC |
| 942 ## - ADDED ENTRY ELEMENTS (KOHA) |
| Source of classification or shelving scheme |
Library of Congress Classification |
| Koha item type |
Monograph ( Printed materials) |
| 948 1# - LOCAL PROCESSING INFORMATION (OCLC); SERIES PART DESIGNATOR (RLIN) |
| Series part designator, SPT (RLIN) |
20070117 |
| b (OCLC) |
c |
| c (OCLC) |
as2107 |
| d (OCLC) |
MPS |